banner koha

Estudos de alimentacao e habitos alimentares de Schizodon fasciatus Agassiz, 1829, Rhytiodus microlepis Kner, 1859 e Rhytiodus argenteofuscus Kner, 1859, do lago Janauaca, AM (Osteichthyhyes, Characoidei, Anostomidae)[Peixe de agua doce; Amazonas; Brasil] (Registro n. 108455)

MARC details
000 -LÍDER
campo de controle de tamanho fixo 01270nas a2200277 4500
001 - NÚMERO DE CONTROLE
campo de controle BR8200335
003 - IDENTIFICADOR DO NÚMERO DE CONTROLE
campo de controle BR-BrBNA
005 - DATA E HORÁRIO DA ÚLTIMA TRANSAÇÃO
campo de controle 20231205084954.0
007 - CAMPO FIXO DE DESCRIÇÃO FÍSICA--INFORMAÇÃO GERAL
campo de controle de tamanho fixo ta
008 - CAMPO DE DADOS FIXOS--INFORMAÇÃO GERAL
campo de controle de tamanho fixo 230509b bl.|||p| |||| 00| 00por d
040 ## - FONTE DA CATALOGAÇÃO
Instituição da catalogação original BR-BrBNA
Idioma da catalogação por
Instituição que transcreveu o registro Biblioteca Nacional de Agricultura
041 ## - CÓDIGO DE IDIOMA
Código do idioma do texto/trilha sonora ou título diferente (Pt)
072 ## - CÓDIGO DE CATEGORIA DE ASSUNTO
Código de Categoria de Assunto M40
100 1# - ENTRADA PRINCIPAL--NOME PESSOAL
Nome pessoal Santos, G.M. dos
245 1# - TÍTULO
Título Estudos de alimentacao e habitos alimentares de Schizodon fasciatus Agassiz, 1829, Rhytiodus microlepis Kner, 1859 e Rhytiodus argenteofuscus Kner, 1859, do lago Janauaca, AM (Osteichthyhyes, Characoidei, Anostomidae)[Peixe de agua doce; Amazonas; Brasil]
Restante do título Parte de tese
246 1# - FORMA VARIANTE DO TÍTULO
Título/título abreviado [Studies on feeding and feeding habits of Schizodon fasciatus Agassis, 1829, Rhytiodus microlepis Kner, 1859 and Rhytiodus argenteofuscus Kner, 1859, from Janauaca lake, AM (OSTEICHTHYES, Characoidei, Anostomidae)[Freshwater fish; Amazonas; Brazil]]
Restante do título [Part of thesis]
650 ## - ASSUNTO--TERMO TÓPICO
Cabeçalho tópico ou nome geográfico Biologia aquatica
650 ## - ASSUNTO--TERMO TÓPICO
Cabeçalho tópico ou nome geográfico Peixe de agua doce
650 ## - ASSUNTO--TERMO TÓPICO
Cabeçalho tópico ou nome geográfico Nutricao animal
650 ## - ASSUNTO--TERMO TÓPICO
Cabeçalho tópico ou nome geográfico Habito alimentar
650 ## - ASSUNTO--TERMO TÓPICO
Cabeçalho tópico ou nome geográfico Lago Janauaca
650 ## - ASSUNTO--TERMO TÓPICO
Cabeçalho tópico ou nome geográfico Amazonas
773 0# - ENTRADA ANALÍTICA
Título Acta Amazonica (Brazil)
ISSN - International Standard Serial Number ISSN 0044-5967
Partes relacionadas (Jun 1981), v. 11(2) p. 267-283
Número de controle do registro BR8200335
909 ## -
-- 202311
-- Lúcia
-- 55
-- Lúcia Elande
942 ## - ELEMENTOS DE ENTRADA ADICIONADOS (KOHA)
Fonte da classificação ou esquema de arquivamento na estante Classificação AGRIS
Ocultar no OPAC Não
Tipo de material Koha Analítica
Exemplares
Situação do descarte Fonte da classificação ou esquema de arquivamento na estante Situação física Não pode ser emprestado Biblioteca de origem Biblioteca atual Localização na estante Enumeração do periódico / cronologia Total de empréstimos Data de último acesso Número do exemplar Tipo de material Koha Fonte de aquisição
  Classificação AGRIS   Consulta local Biblioteca Nacional de Agricultura - Binagri Biblioteca Nacional de Agricultura - Binagri   (Jun 1981), v. 11(2) p. 267-283   29/11/2023 01 Periódicos Portaria Interministerial nº 164/94

BINAGRI

Telefone: (61)3218-2567/2388/3357/2097 - binagri@agro.gov.br

Ministério da Agricultura e Pecuária , Esplanada dos Ministérios, Bloco D, Anexo B, Brasília/DF, CEP: 70.043-900